| 000 | 00746cab a2200253 4500 | ||
|---|---|---|---|
| 001 | X3414 | ||
| 008 | 090401t1996 xxu||||| |||| 00| 0 eng d | ||
| 035 | _a(Sirsi) u30350 | ||
| 041 | _aeng | ||
| 245 | _aDoE gives guidance on rural diversification | ||
| 260 | _c1996 | ||
| 350 | _a0 | ||
| 490 |
_aCSM (Chartered Surveyor Monthly) _v5(7) April 1996, 5(1) |
||
| 520 | _aSummarises the main messages for local planning authorities in PPG7: "The countryside and the rural economy". | ||
| 650 | _aPPG7 | ||
| 650 | _aRURAL DEVELOPMENT | ||
| 650 | _aRURAL DIVERSIFICATION | ||
| 650 | _aRURAL ECONOMY | ||
| 650 | _aRURAL PLANNING | ||
| 690 | _aPLANNING LAW AND PRACTICE | ||
| 690 | _aRURAL PRACTICE | ||
| 942 | _n0 | ||
| 948 | _c04/03/1997 | ||
| 999 |
_c20452 _d20452 |
||